000 00468nam a2200169Ia 4500
999 _c21201
_d21201
003 OSt
005 20200701101426.0
008 190216s9999||||xx |||||||||||||| ||und||
040 _coclc
082 _a909
_bSHA/W
100 _aSharma, Jagdish P
_93377
245 0 _aWorld History /
_cJagdish P Sharma
260 _bLow Price Publications,
_aDelhi:
_c1993.
300 _a455p
650 _aHistory
942 _cBK
_2ddc
_h909
_iSHA/W
_k909
_mSHA/W